MARC details
| 000 -LEADER |
| campo de control de longitud fija |
02022nam a2200385 i 4500 |
| 001 - NÚMERO DE CONTROL |
| campo de control |
C00024000c |
| 005 - FECHA Y HORA DE LA ÚLTIMA TRANSACCIÓN |
| campo de control |
20241029144108.0 |
| 008 - DATOS DE LONGITUD FIJA--INFORMACIÓN GENERAL |
| campo de control de longitud fija |
970117s1797 sp 001 0dspa d |
| 100 1# - ENTRADA PRINCIPAL--NOMBRE DE PERSONA |
| Nombre de persona |
Mengs, Anton Raphael ( |
| Fechas asociadas al nombre |
1728-1779) |
| 9 (RLIN) |
1224 |
| 245 10 - MENCIÓN DEL TÍTULO |
| Título |
Obras de D. Antonio Rafael Mengs, primer pintor de cámara del rey / |
| Mención de responsabilidad, etc. |
publicadas por Joseph Nicolas de Azara. |
| 250 ## - MENCION DE EDICION |
| Mención de edición |
Segunda edicion. |
| 260 ## - PUBLICACIÓN, DISTRIBUCIÓN, ETC. |
| Lugar de publicación, distribución, etc. |
En Madrid : |
| Nombre del editor, distribuidor, etc. |
en la Imprenta Real, siendo regente don Pedro Julian Pereyra, |
| Fecha de publicación, distribución, etc. |
1797. |
| 300 ## - DESCRIPCIÓN FÍSICA |
| Extensión |
[8], LII, 1-400, [4], 401-402 p. ; |
| Dimensiones |
4º (27 cm) |
| 500 ## - NOTA GENERAL |
| Nota general |
Palau 164516, CCPB000145704-7, BNE, BVDB20100006016, COPAC. |
| 500 ## - NOTA GENERAL |
| Nota general |
Sign.: [ ]4, A-Z4, 2A-2Z4, 3A-3K4, 3L, *2, 3L. |
| 500 ## - NOTA GENERAL |
| Nota general |
Error en sign. tip.: las h. *2 correspondientes a las [4] p. enc. entre las p. 400 y 401son parte del índice, ubicado al comienzo de la obra. La secuencia debería ser: [ ]4, *2, A-Z4, 2A-2Z4, 3A-3K4, 3L2. |
| 500 ## - NOTA GENERAL |
| Nota general |
Error de numeración: en p. 108 pone 810. |
| 500 ## - NOTA GENERAL |
| Nota general |
Error de pag.: de p. 324 pasa a 327. |
| 500 ## - NOTA GENERAL |
| Nota general |
Notas a pie de p. |
| 500 ## - NOTA GENERAL |
| Nota general |
Legado Lafuente Ferrari. |
| 500 ## - NOTA GENERAL |
| Nota general |
Enc. pasta con nervios en el lomo, intonso. |
| 500 ## - NOTA GENERAL |
| Nota general |
Ejemp. con ondulaciones. |
| 500 ## - NOTA GENERAL |
| Nota general |
En la descripción de Palau de esta segunda ed., así como en CCPB, se hace referencia a un retrato del autor que no se encuentra en este ejemp., en el digitalizado (enlace en parte inferior) se puede contemplar detrás del índice. |
| 500 ## - NOTA GENERAL |
| Nota general |
Obra digitalizada en Internet: Google (enlace en parte inferior) |
| 650 ## - PUNTO DE ACCESO ADICIONAL DE MATERIA--TÉRMINO DE MATERIA |
| Término de materia o nombre geográfico como elemento de entrada |
Arte- |
| Subdivisión general |
Estética. |
| 9 (RLIN) |
86502 |
| 650 ## - PUNTO DE ACCESO ADICIONAL DE MATERIA--TÉRMINO DE MATERIA |
| Término de materia o nombre geográfico como elemento de entrada |
Pintura- |
| Subdivisión de forma |
Discursos, ensayos, conferencias. |
| 9 (RLIN) |
78738 |
| 700 1# - ENTRADA AGREGADA--NOMBRE PERSONAL |
| Nombre de persona |
Azara, José Nicolás de ( |
| Fechas asociadas al nombre |
1730-1804) |
| 9 (RLIN) |
5125 |
| 700 1# - ENTRADA AGREGADA--NOMBRE PERSONAL |
| Nombre de persona |
Pereyra, Pedro Julián. |
| 9 (RLIN) |
35411 |
| 710 2# - ENTRADA AGREGADA--NOMBRE DE ENTIDAD CORPORATIVA |
| Nombre de entidad corporativa o nombre de jurisdicción como elemento de entrada |
Imprenta Real (Madrid) |
| 9 (RLIN) |
18818 |
| 752 ## - ENTRADA AGREGADA--NOMBRE JERÁRQUICO DEL LUGAR |
| País o entidad superior |
España - |
| Ciudad |
Madrid |
| 852 4# - LOCALIZACIÓN |
| Número de control de estantería |
LF-4162 |
| 856 40 - LOCALIZACIÓN Y ACCESO ELECTRÓNICOS |
| Identificador Uniforme de Recurso |
<a href="http://books.google.es/books?id=-INqaJoiBycC&printsec=frontcover&hl=es&source=gbs_ge_summary_r&cad=0#v=onepage&q&f=false">http://books.google.es/books?id=-INqaJoiBycC&printsec=frontcover&hl=es&source=gbs_ge_summary_r&cad=0#v=onepage&q&f=false</a> |